Galatasaray Best Scorer By Year - Statistics

General Stats
  • This quiz has been taken 1,657 times
    322 since last reset
  • The average score is 12 of 37
Answer Stats
Player % Correct
Victor Osimhen
97%
Mauro Icardi
96%
Burak Yılmaz
83%
Hakan Şükür
79%
Bafétimbi Gomis
75%
Kerem Aktürkoğlu
66%
Metin Oktay
64%
Mário Jardel
60%
Mbaye Diagne
57%
Milan Baroš
55%
Radamel Falcao
54%
Lukas Podolski
51%
Tanju Çolak
51%
Ümit Karan
50%
Arif Erdem
43%
Necati Ateş
41%
Henry Onyekuru
40%
Selçuk İnan
37%
Bruma
27%
Shabani Nonda
25%
Gökmen Özdenak
13%
Saffet Sancaklı
10%
Cüneyt Tanman
7%
Uğur Tütüneker
7%
Roman Kosecki
5%
Tarik Hodžić
5%
Erdal Keser
4%
Metin Kurt
3%
Rüdiger Abramczik
3%
Ayhan Elmastaşoğlu
2%
Bahri Altıntabak
2%
Ešref Jašarević
2%
Mehmet Özgül
2%
Metin Yıldız
2%
Mirsad Sejdić
2%
Şevki Şenlen
2%
Turgay İnal
2%
No matching quizzes found
Score Distribution
Percent of People with Each Score
Percentile by Number Answered
Your Score History
You have not taken this quiz since the last reset